| 000 -LEADER |
| fixed length control field |
00314 a2200121 4500 |
| 008 - FIXED-LENGTH DATA ELEMENTS--GENERAL INFORMATION |
| fixed length control field |
240110b ||||| |||| 00| 0 eng d |
| 020 ## - INTERNATIONAL STANDARD BOOK NUMBER |
| International Standard Book Number |
978-1847973993 |
| 082 ## - DEWEY DECIMAL CLASSIFICATION NUMBER |
| Classification number |
721.0441 |
| 100 ## - MAIN ENTRY--PERSONAL NAME |
| Personal name |
Charles Margetts |
| 245 ## - TITLE STATEMENT |
| Title |
A DIY Guide to Stone in the Home |
| 260 ## - PUBLICATION, DISTRIBUTION, ETC. (IMPRINT) |
| Name of publisher, distributor, etc |
The Crowood Press Ltd |
| Date of publication, distribution, etc |
2012 |
| 942 ## - ADDED ENTRY ELEMENTS (KOHA) |
| Source of classification or shelving scheme |
|